Different marketing objectives of mega-sport event The Women's EHF Final4
| Main Author: | |
|---|---|
| Other Authors: | |
| Format: | Thesis |
| Kulcsszavak: | Marketing Rendezvényszervezés Sport EHF FINAL4 Kézilabda |
| Online Access: | http://dolgozattar.uni-bge.hu/18734 |
MARC
| LEADER | 00000nta a2200000 i 4500 | ||
|---|---|---|---|
| 001 | dolg18734 | ||
| 005 | 20200428052703.0 | ||
| 008 | 181203suuuu hu om 000 eng d | ||
| 040 | |a BGE Dolgozattár Repozitórium |b hun | ||
| 041 | |a en | ||
| 100 | 1 | |a Griszbacher Norbert | |
| 245 | 1 | 0 | |a Different marketing objectives of mega-sport event |b The Women's EHF Final4 |c Griszbacher Norbert |h [elektronikus dokumentum] |
| 246 | 1 | 1 | |a A mega sport események különböző marketingeseményei:THE WOMEN'S EHF FINAL4, BUDAPEST |
| 246 | 1 | 1 | |a Different marketing objectives of mega-sport event: The Women's EHF Final4 |
| 695 | |a Marketing | ||
| 695 | |a Rendezvényszervezés | ||
| 695 | |a Sport | ||
| 695 | |a EHF FINAL4 | ||
| 695 | |a Kézilabda | ||
| 700 | 1 | |a Szabó Dr. habil Zoltán |e ths | |
| 856 | 4 | 0 | |u http://dolgozattar.uni-bge.hu/18734/1/DIFFERENT%20MARKETING%20OBJECTIVES%20OF%20MEGA-SPORT%20EVENTS.pdf |z Dokumentum-elérés |